| 000 | 00433nam a2200145Ia 4500 | ||
|---|---|---|---|
| 008 | 220217s9999||||xx |||||||||||||| ||und|| | ||
| 020 | _a978-81-203-2832-7 | ||
| 082 | _a003.3 BAN | ||
| 100 | _aBanks, Jerry Carson, John, S. Nelson, Barry, L and Nicol, Da | ||
| 245 | 0 | _aDiscrete event system simulation | |
| 250 | _a4th | ||
| 260 |
_aPrentice hall of india _bNew Delhi _c2008 |
||
| 300 | _b250 | ||
| 650 | _aSOFTWARE TESTING | ||
| 999 |
_c178196 _d178196 |
||